[Event "Regionalliga NO 9899"]
[Site "Bayern"]
[Date "1999.??.??"]
[Round "7.6"]
[White "Junker, Rene"]
[Black "Hannweber, Markus"]
[Result "1-0"]
[WhiteElo "2100"]
[BlackElo "1940"]
[PlyCount "49"]
[EventDate "1998.??.??"]
[EventType "team-tourn"]
[EventRounds "9"]
[EventCountry "GER"]
[SourceTitle "EXT 2020"]
[Source "ChessBase"]
[SourceDate "2019.10.17"]
[SourceVersion "1"]
[SourceVersionDate "2019.10.17"]
[SourceQuality "1"]
[WhiteTeam "Schwabach"]
[BlackTeam "Nuernberg Grundig SC"]
[WhiteTeamCountry "GER"]
[BlackTeamCountry "GER"]

1. e4 e5 2. Nf3 Nc6 3. d4 exd4 4. Nxd4 Nxd4 5. Qxd4 d6 6. Nc3 Nf6 7. Bg5 Be7 8. 0-0-0 h6 9. Bh4 0-0 10. f4 Ne8 11. Bxe7 Qxe7 12. Nd5 Qd8 13. h3 Be6 14. g4 Bxd5 15. Qxd5 c6 16. Qd2 Qe7 17. Bd3 b5 18. h4 Qe6 19. Kb1 Qxg4 20. f5 Kh8 21. Qe3 Nf6 22. Rdg1 Nd5 23. exd5 Qb4 24. f6 Rg8 25. fxg7+ 1-0

[Event "Regionalliga NO 9900"]
[Site "Bayern"]
[Date "1999.??.??"]
[Round "2.4"]
[White "Junker, Rene"]
[Black "Krauss, Hermann"]
[Result "1/2-1/2"]
[WhiteElo "2120"]
[BlackElo "2060"]
[PlyCount "57"]
[EventDate "1999.??.??"]
[EventType "team-tourn"]
[EventRounds "9"]
[EventCountry "GER"]
[SourceTitle "EXT 2020"]
[Source "ChessBase"]
[SourceDate "2019.10.17"]
[SourceVersion "1"]
[SourceVersionDate "2019.10.17"]
[SourceQuality "1"]
[WhiteTeam "Schwabach"]
[BlackTeam "Nuernberg Noris Tarrasch II"]
[WhiteTeamCountry "GER"]
[BlackTeamCountry "GER"]

1. e4 c5 2. Nf3 e6 3. Nc3 a6 4. d4 cxd4 5. Nxd4 d6 6. Be3 Qc7 7. Be2 Nf6 8. 0-0 Nbd7 9. f3 b5 10. a4 b4 11. Na2 d5 12. exd5 Nxd5 13. Bf2 Bd6 14. g3 0-0 15. Qd2 Bb7 16. c4 bxc3 17. Nxc3 Nxc3 18. Qxc3 Qxc3 19. bxc3 Rfc8 20. Rfd1 Be5 21. Nxe6 Bxc3 22. Rac1 Ne5 23. Nc5 Nxf3+ 24. Bxf3 Bxf3 25. Rd3 Bb2 26. Rc2 Be4 27. Rxb2 Rxc5 28. Bxc5 Bxd3 29. Bd6 1/2-1/2